1989 1986 1585 1280 1246 1137 1528 1809 1376 1475 1046 1083 1539 1417 1349 1487 1815 1990 1005 1909 1933 1175 1911 1147 1978 1611 1799 1286 1345 1242 1113 1032 1201 1328 1291 1458 1283 1684 1618 1480 1453 1619 1786 1590 1609 1826 1561 1650 1881 1969 1214 1395 1060 1691 1911 1273 1261 1616 1798 1177 1037 1129 1862 1360 1758 1914 1756 1469 1389 1494 1330 1664 1660 1638 1485 1865 1818 1119 1774 1421 1808 1504 1645 1380 1132 1333 1642 1054 1276 1759 1507 1282 1617 1003 1882 1923 1760 1253 1399 BCNSPRNW ULIB Ver.6.0+V

เปลี่ยนเป็นภาษาไทย

Change to English
 แสดงรายละเอียดบรรณานุกรม
  กลับหน้าหลัก

Brief Record : Get Marc (ISO 2709) : E-mail record : QR code < ปิดหน้าต่าง
LEADER : 00000nam 2200000uu 4500
001    13399112615
003     ULIB
008    110829s2548||||th 000 0 tha d
020    9749800184
050  4 HQ1064.T5^bส598ร 2548
245 00 รวมกฎหมาย/ประกาศ/ระเบียบที่ออกตามความในพระราชบัญญัติผู้สูงอายุ พ.ศ.2546
250    พิมพ์ครั้งที่ 1
260    กรุงเทพฯ :^bกระทรวงพัฒนาและความมั่นคงของมนุษย์,^c2548
300    ช, 62 หน้า ;^c21 ซม
650  7 law
650  7 aged
945    ^p0^l0^i018332
995    ทศพร
999 ^a ทศพร
รายการนี้ยังไม่มีแท็ก
คุณยังไม่ได้ล็อกอิน คุณสามารถมีกิจกรรมร่วมกับเว็บไซต์ได้ แต่ต้องล็อกอินก่อน ::
  ล็อกอิน

รายการสื่อสารสนเทศ

ลำดับที่ ประเภท เลขเรียก/บาร์โค้ด สถานที่ สถานะ
- ไม่พบข้อมูล -

รายการใกล้เคียง
    หัวเรื่อง [law]
    หัวเรื่อง [aged]

BibComment


ยังไม่เคยถูกคอมเมนท์

คอมเมนท์ทรัพยากรรายการนี้
  คอมเมนท์: รวมกฎหมายประกาศระ..


 Copyright 2026. Bcnsprnw @Library